Statistics for Countries with the Fewest Motor Vehicles Per Capita

Click here to take the quiz!

General Stats

  • This quiz has been taken 24 times
  • The average score is 13 of 20

Answer Stats

vehicles per 1000 peoplecountry% Correct
4Central African Republic
83%
5Democratic Republic of the Congo
83%
7Niger
83%
6Chad
75%
3Somalia
75%
2Togo
71%
6Burundi
67%
3Ethiopia
67%
7Gambia
67%
3Liberia
67%
5Mauritania
67%
6Sierra Leone
67%
5Guinea
58%
4Lesotho
54%
5Nepal
54%
2Sao Tome
54%
7Tanzania
54%
3Bangladesh
46%
7Myanmar
42%
3Solomon Islands
33%

Score Distribution

Percentile by Number Answered

Percent of People with Each Score

Your Score History

You have not taken this quiz